[Event "Follosjakken GP #4"]
[Site "Ski, Akershus NOR"]
[Date "2018.10.13"]
[Round "4"]
[White "Westrum, Kim Roger Hansen"]
[Black "Aamodt, Peder Marcus"]
[Result "1-0"]
[WhiteElo "1547"]
[BlackElo "1436"]
[PlyCount "97"]
[EventDate "2018.10.13"]

1. e4 c5 2. Nc3 Nc6 3. f4 e6 4. Nf3 Nge7 5. Bc4 d5 6. Bb5 a6 7. Be2 Ng6 8. d3
d4 9. Nb1 Be7 10. O-O Qb6 11. b3 Qc7 12. g3 Bd7 13. Nbd2 b5 14. a4 b4 15. Nc4
Na5 16. Nfd2 Nxc4 17. Nxc4 a5 18. Bf3 O-O 19. f5 Ne5 20. Bf4 Bd6 21. Nxd6 Qxd6
22. Bg2 f6 23. Qh5 Be8 24. Qh3 Bf7 25. g4 Qd7 26. Qg3 Nc6 27. Bd6 Rfd8 28. e5
fxe5 29. Bxe5 Nxe5 30. Bxa8 Nxg4 31. Qxg4 Rxa8 32. f6 Bg6 33. fxg7 Kxg7 34. h4
Kh8 35. Rae1 Bxd3 36. Qf3 Rg8+ 37. Kh1 Bxf1 38. Qxf1 Qd5+ 39. Kh2 Qd6+ 40. Kh1
Qe7 41. Qf4 Rf8 42. Qe5+ Rf6 43. Rg1 h6 44. Rg6 Kh7 45. Rxf6 Qb7+ 46. Kh2 Qc6
47. Qxe6 Qc7+ 48. Kh3 Qg7 49. Rf7 1-0

[Event "Follosjakken GP #4"]
[Site "Ski, Akershus NOR"]
[Date "2018.10.13"]
[Round "5"]
[White "Devereaux, Maxim L"]
[Black "Kvisla, Johannes Luangtep"]
[Result "1-0"]
[WhiteElo "2299"]
[BlackElo "2233"]
[PlyCount "97"]
[EventDate "2018.10.13"]

1. Nf3 Nf6 2. g3 e6 3. c4 d5 4. Bg2 Be7 5. O-O O-O 6. Qc2 d4 7. d3 c5 8. a3 Nc6
9. Bg5 a5 10. Nbd2 Ne8 11. Bxe7 Qxe7 12. e3 dxe3 13. fxe3 e5 14. Rae1 Be6 15.
Nh4 Nd6 16. Bd5 g6 17. Ne4 Nxe4 18. dxe4 Nd8 19. Qe2 f6 20. Qg4 Qf7 21. Qf3
Bxd5 22. exd5 Qd7 23. Rf2 Ra6 24. Qe4 Kg7 25. Ref1 Nf7 26. Nf3 Qe7 27. Qc2 e4
28. Nd2 f5 29. Qc3+ Kh6 30. Rf4 Ne5 31. Nxe4 Ng4 32. h3 Re8 33. hxg4 fxe4 34.
Rf7 Qe5 35. Qxe5 Rxe5 36. Rxb7 Kg5 37. Rf4 h6 38. Kg2 a4 39. Rb5 Ra8 40. Rb6
Rg8 41. Kh3 h5 42. gxh5 gxh5 43. Rff6 Rf5 44. Rxf5+ Kxf5 45. Rb5 Rc8 46. Kh4
Ke5 47. Kxh5 Rh8+ 48. Kg4 Rh2 49. Rb6 1-0

[Event "Follosjakken GP #4"]
[Site "Ski, Akershus NOR"]
[Date "2018.10.13"]
[Round "5"]
[White "Kristiansen, Rune Harald"]
[Black "Sjøberg, Isak"]
[Result "0-1"]
[WhiteElo "1816"]
[BlackElo "1990"]
[PlyCount "94"]
[EventDate "2018.10.13"]

1. d4 Nf6 2. c4 g6 3. Nc3 Bg7 4. Bg5 O-O 5. Qd2 c5 6. d5 d6 7. Bh6 a6 8. Bxg7
Kxg7 9. e4 e6 10. f3 exd5 11. Nxd5 Nxd5 12. cxd5 b5 13. h4 h5 14. Bd3 Nd7 15.
g4 hxg4 16. h5 Rh8 17. h6+ Kh7 18. fxg4 Ne5 19. Be2 Bxg4 20. Bxg4 Nxg4 21. Qf4
Qa5+ 22. Kd1 Qa4+ 23. Ke1 Ne5 24. Rd1 f6 25. Rh4 Rhf8 26. Nf3 Rae8 27. Nxe5
Rxe5 28. Qf3 f5 29. Qc3 Rf7 30. Kd2 Rxe4 31. Rxe4 Qxe4 32. Kc1 Qc4 33. Qxc4
bxc4 34. Re1 f4 35. Kd2 Kxh6 36. Re6 Rd7 37. Ke2 Kg5 38. Kf3 a5 39. Re4 Rb7 40.
Rxf4 Rxb2 41. Rxc4 Rxa2 42. Ke3 a4 43. Rc1 a3 44. Rg1+ Kf6 45. Ke4 Re2+ 46. Kd3
Rh2 47. Kc4 a2 0-1

[Event "Follosjakken GP #4"]
[Site "Ski, Akershus NOR"]
[Date "2018.10.13"]
[Round "5"]
[White "Westrum, Kim Roger Hansen"]
[Black "Løvåsen, Viktor Nygaard"]
[Result "1/2-1/2"]
[WhiteElo "1547"]
[BlackElo "1429"]
[PlyCount "43"]
[EventDate "2018.10.13"]

1. e4 e5 2. Nf3 Nc6 3. Bb5 d6 4. h3 Nf6 5. d3 Be7 6. c3 O-O 7. O-O a6 8. Ba4 b5
9. Bc2 d5 10. exd5 Nxd5 11. Re1 Bd6 12. Nbd2 Bf5 13. Nf1 Qd7 14. Ng3 Bg6 15.
Nh4 Rfe8 16. Nxg6 hxg6 17. Qf3 Nf6 18. Bg5 Nh7 19. Be3 Nf6 20. Bg5 Nh7 21. Be3
Nf6 22. Bg5 1/2-1/2

[Event "Follosjakken GP #4"]
[Site "Ski, Akershus NOR"]
[Date "2018.10.13"]
[Round "5"]
[White "Nordquelle, Amelia"]
[Black "Digernes, Mikael"]
[Result "1-0"]
[WhiteElo "1480"]
[BlackElo "1406"]
[PlyCount "85"]
[EventDate "2018.10.13"]

1. d4 Nf6 2. c4 g6 3. Nc3 Bg7 4. g3 O-O 5. Bg2 d6 6. Nf3 Nbd7 7. O-O e5 8. e3
Re8 9. b3 exd4 10. exd4 c5 11. Bb2 Nb6 12. dxc5 dxc5 13. Nb5 Ne4 14. Bxg7 Kxg7
15. Nh4 Nf6 16. Nd6 Re7 17. Nb5 Bd7 18. Bxb7 Rb8 19. Bg2 Bxb5 20. cxb5 Rd7 21.
Qc2 Qc7 22. Bc6 Rd6 23. Qxc5 a6 24. Rac1 Rc8 25. Qe3 Re6 26. Qd2 Rd6 27. Qb2
axb5 28. Bxb5 Qb7 29. Rxc8 Nxc8 30. Bc4 Nb6 31. Qc3 Kg8 32. Qe5 Qd7 33. Bb5 Qd8
34. Nf3 Rd5 35. Qe2 Rd6 36. Bc4 Nxc4 37. Qxc4 Rd7 38. Ne5 Rc7 39. Qb5 Re7 40.
Nc6 Qd7 41. Nxe7+ Qxe7 42. a4 Qc7 43. a5 1-0

[Event "Follosjakken GP #4"]
[Site "Ski, Akershus NOR"]
[Date "2018.10.13"]
[Round "6"]
[White "Sahl, Sheila Barth"]
[Black "Devereaux, Maxim L"]
[Result "0-1"]
[WhiteElo "2164"]
[BlackElo "2299"]
[PlyCount "44"]
[EventDate "2018.10.13"]

1. e4 c6 2. f4 d5 3. e5 g6 4. Be2 h5 5. d3 Nh6 6. Be3 Bg4 7. c3 Nf5 8. Bf2 Bxe2
9. Nxe2 e6 10. Nd2 c5 11. Nf3 Nc6 12. Qd2 Be7 13. g3 b5 14. h3 a5 15. a4 b4 16.
cxb4 axb4 17. Rc1 d4 18. Qc2 Qd5 19. O-O Qxf3 20. Bxd4 Nfxd4 21. Rxf3 Nxc2 22.
Rxc2 Rxa4 0-1

[Event "Follosjakken GP #4"]
[Site "Ski, Akershus NOR"]
[Date "2018.10.13"]
[Round "6"]
[White "Sjøberg, Isak"]
[Black "Kvisla, Johannes Luangtep"]
[Result "1/2-1/2"]
[WhiteElo "1990"]
[BlackElo "2233"]
[PlyCount "108"]
[EventDate "2018.10.13"]

1. e4 e5 2. Nf3 Nc6 3. Bc4 Nf6 4. Ng5 d5 5. exd5 Na5 6. Bb5+ c6 7. dxc6 bxc6 8.
Be2 h6 9. Nh3 Be6 10. d3 Bc5 11. Nc3 Qd7 12. O-O Bxh3 13. gxh3 Qxh3 14. Bf3 h5
15. Bg2 Qh4 16. Qf3 Rc8 17. Ne4 Nxe4 18. Qxe4 Qxe4 19. Bxe4 g6 20. Rb1 Nb7 21.
b4 Bb6 22. b5 Nd8 23. Be3 f5 24. Bxb6 axb6 25. Bxc6+ Nxc6 26. bxc6 Rxc6 27.
Rfe1 Kf7 28. Rxe5 Ra8 29. Rb2 Ra3 30. Reb5 Rac3 31. Rxb6 Rxb6 32. Rxb6 Rxc2 33.
a4 Ra2 34. Ra6 f4 35. Kg2 g5 36. Kf3 Kg7 37. Ra7+ Kg6 38. Ra6+ Kf7 39. Ra7+ Ke6
40. Ra6+ Kd7 41. Ra7+ Kc6 42. Ra6+ Kc7 43. Rh6 g4+ 44. Kxf4 Rxf2+ 45. Kg3 Rf3+
46. Kg2 Rf5 47. h3 gxh3+ 48. Kxh3 Rf3+ 49. Kg2 Rxd3 50. Rxh5 Ra3 51. a5 Kb7 52.
Kf2 Ka6 53. Ke2 Rxa5 54. Rxa5+ Kxa5 1/2-1/2

[Event "Follosjakken GP #4"]
[Site "Ski, Akershus NOR"]
[Date "2018.10.13"]
[Round "6"]
[White "Løvåsen, Viktor Nygaard"]
[Black "Nordquelle, Amelia"]
[Result "0-1"]
[WhiteElo "1429"]
[BlackElo "1480"]
[PlyCount "125"]
[EventDate "2018.10.13"]

1. d4 d5 2. Nf3 Nf6 3. e3 c5 4. c3 Bf5 5. Bd3 Bg6 6. Bxg6 hxg6 7. O-O e6 8. b3
Bd6 9. Ba3 Qc7 10. h3 Ne4 11. dxc5 Nxc5 12. Nbd2 g5 13. Bxc5 Qxc5 14. Nxg5 Qxc3
15. Qc1 Qxc1 16. Raxc1 Nc6 17. e4 Bf4 18. Ngf3 dxe4 19. Rc4 f5 20. Nxe4 fxe4
21. Rxe4 e5 22. Nxe5 Bxe5 23. f4 Kd7 24. fxe5 Ke6 25. Rg4 Rhg8 26. Re1 Rad8 27.
Rg6+ Kf5 28. Rg4 Rd4 29. Rxd4 Nxd4 30. Rd1 Kxe5 31. Re1+ Kd6 32. Rd1 Kd5 33.
Kf2 Re8 34. Rd3 Re2+ 35. Kg3 Rxa2 36. Kh2 Ke4 37. Rg3 Nf5 38. Rg4+ Ke5 39. Rb4
b6 40. Rb5+ Ke6 41. Rb4 Ke5 42. Rb5+ Ke4 43. Rb4+ Nd4 44. Rc4 Kd3 45. Rc7 Nf3+
46. Kg3 Ne1 47. Rd7+ Kc3 48. Rc7+ Kxb3 49. Kf4 Rxg2 50. Rxa7 b5 51. Re7 Nc2 52.
Kf3 Rg6 53. Rd7 b4 54. Rd3+ Kb2 55. Rd2 b3 56. Ke4 Kc1 57. Rh2 Rd6 58. Rh1+ Rd1
59. Rxd1+ Kxd1 60. Kf5 b2 61. Kg6 b1=Q 62. Kxg7 Ke2 63. h4 0-1

[Event "Follosjakken GP #4"]
[Site "Ski, Akershus NOR"]
[Date "2018.10.13"]
[Round "6"]
[White "Digernes, Mikael"]
[Black "Westrum, Kim Roger Hansen"]
[Result "0-1"]
[WhiteElo "1406"]
[BlackElo "1547"]
[PlyCount "71"]
[EventDate "2018.10.13"]

1. c4 Nf6 2. d3 e6 3. Nc3 Bb4 4. Nf3 d5 5. cxd5 Nxd5 6. Bd2 Nxc3 7. Bxc3 Bxc3+
8. bxc3 O-O 9. g3 b6 10. Bg2 Bb7 11. O-O c5 12. Qd2 Nc6 13. Rad1 Qe7 14. Qb2
Rfd8 15. Rd2 Rac8 16. Rfd1 Na5 17. Qb1 Qf6 18. d4 Nc4 19. Rd3 Be4 20. Ne5 Bxd3
21. Nxd3 cxd4 22. cxd4 Rxd4 23. e3 Rd7 24. Rc1 Rdc7 25. Qb5 Nd6 26. Rxc7 Rxc7
27. Qb1 Qc3 28. Bf1 Ne4 29. Qd1 Qc2 30. Qe1 Nd2 31. Be2 Qb1 32. Qxb1 Nxb1 33.
Kg2 Nc3 34. Bf3 Nxa2 35. e4 b5 36. Bd1 0-1

[Event "Høstturnering Ås"]
[Site "Ås"]
[Date "1981.10.27"]
[Round "1"]
[White "Wolden, Knut"]
[Black "Lea, Per"]
[Result "0-1"]
[WhiteElo "1138"]
[BlackElo "1701"]
[PlyCount "80"]
[EventDate "1981.10.27"]

1. d4 d5 2. c4 e5 3. dxe5 d4 4. Nf3 Nc6 5. g3 Be6 6. Qc2 Qd7 7. a3 Nge7 8. e3
Ng6 9. exd4 Nxd4 10. Nxd4 Qxd4 11. Bd3 Nxe5 12. Be2 Bxc4 13. Be3 Bxe2 14. Qxe2
$2 (14. Bxd4 Nf3+ 15. Kxe2 Nxd4+ 16. Kd2 Nxc2 17. Kxc2 $17) 14... Qxb2 15. Qxb2
Nd3+ 16. Ke2 Nxb2 17. Nc3 O-O-O 18. Rhb1 Nc4 19. Ne4 Nxe3 20. Kxe3 Bd6 21. Rb3
Rhe8 22. Kf3 h6 23. a4 f5 24. Nc3 Be5 25. Re1 Rd3+ 26. Re3 Rxe3+ 27. fxe3 Bxc3
28. Rxc3 g5 29. Rc5 Rf8 30. Rd5 Rf6 31. h4 c6 32. Rc5 b6 33. Rc4 c5 34. a5 Kc7
35. hxg5 hxg5 36. g4 Kc6 37. e4 fxe4+ 38. Kxe4 Rf4+ 39. Kd3 Rxc4 40. Kxc4 b5+
0-1

[Event "Høstturnering Ås"]
[Site "Ås"]
[Date "1981.11.03"]
[Round "2"]
[White "Lea, Per"]
[Black "Stensland, Martin"]
[Result "1-0"]
[PlyCount "83"]
[WhiteElo "1701"]
[BlackElo "1089"]
[EventDate "1981.10.27"]

1. e4 e6 2. d4 d5 3. Nc3 c5 4. e5 cxd4 5. Qxd4 Nc6 6. Bb5 Bd7 7. Bxc6 Bxc6 8.
Nf3 f6 9. Bf4 Qb6 10. exf6 Nxf6 11. Qxb6 axb6 12. Nd4 Bd7 13. O-O Bc5 14. Ncb5
O-O 15. Bd6 Rfc8 16. c3 Ne4 17. Be5 Be7 18. Nc7 Ra5 19. Ncxe6 Bxe6 20. Nxe6 Bf6
21. Bxf6 Nxf6 22. a3 Raa8 23. Rad1 b5 24. Rfe1 h6 25. Nf4 Rc5 26. Re5 Rd8 27.
Ne6 Re8 28. Nxc5 Rxe5 29. Kf1 Kf7 30. Nxb7 Ke7 31. Re1 Ne4 32. f3 Nd2+ 33. Kf2
Nc4 34. Rxe5+ Nxe5 35. Nc5 Kd6 36. b4 Kc6 37. Ke2 g5 38. a4 bxa4 39. Nxa4 Kb5
40. Nb2 Nc6 41. Ke3 Ne7 42. Kd3 1-0

[Event "Høstturnering Ås"]
[Site "Ås"]
[Date "1981.11.24"]
[Round "4"]
[White "Rangøy, Helge"]
[Black "Lea, Per"]
[Result "1-0"]
[WhiteElo "1710"]
[BlackElo "1701"]
[PlyCount "109"]
1.e4 e5 2.Nf3 Nc6 3.d4 exd4 4.Bc4 Bc5 5.c3 d3 6.Qxd3 d6 7.O-O Nf6 8.
Bg5 h6 9.Bh4 Bg4 10.Nd4 Ne5 11.Qc2 Nxc4 12.Qa4+ Qd7 13.Qxc4 g5 14.Bg3
O-O-O 15.e5 Ne4 16.exd6 Bxd6 17.Nb5 Nxg3 18.Nxd6+ Kb8 19.fxg3 Be6 20.
Qd4 Qxd6 21.Qxd6 Rxd6 22.Na3 Rhd8 23.Nb5 Rd2 24.b3 c5 25.c4 a6 26.Nc3
Rc2 27.Ne4 Rd4 28.Rae1 Rxa2 29.Rf6 b6 30.Rxh6 Rb2 31.Nxg5 Rxb3 32.
Nxe6 fxe6 33.Rexe6 Rxc4 34.Rxb6+ Rxb6 35.Rxb6+ Ka7 36.Rb2 Rc1+ 37.Kf2
c4 38.Ke3 c3 39.Ra2 c2 40.Kd2 Rh1 41.Rxc2 Rxh2 42.Ke3 Kb6 43.g4 a5
44.g5 Rh4 45.Kf3 a4 46.g4 Rh8 47.Kf4 Rf8+ 48.Ke5 Re8+ 49.Kf6 Rf8+ 50.
Kg7 Rf4 51.Rg2 a3 52.g6 a2 53.Rxa2 Rxg4 54.Rf2 Rc4 55.Kg8
1-0

[Event "Vårturnering Ås"]
[Site "Ås"]
[Date "1982.03.30"]
[Round "4"]
[White "Stensland, Martin"]
[Black "Lea, Per"]
[Result "1-0"]
[WhiteElo "1113"]
[BlackElo "1701"]
[PlyCount "91"]
[EventDate "1982.03.02"]

1. Nf3 Nf6 2. c4 e6 3. d4 d5 4. cxd5 exd5 5. Nc3 Bb4 6. Ne5 O-O 7. Bg5 c6 8. e3
Qa5 9. Bxf6 Bxc3+ 10. bxc3 Qxc3+ 11. Ke2 gxf6 12. Rc1 Qb2+ 13. Rc2 Qb5+ 14. Nd3
Bg4+ 15. f3 Bf5 16. Kf2 Nd7 17. Rb2 Qa5 18. g4 Bg6 19. h4 Qc7 20. Nf4 h6 21.
Bd3 Bxd3 22. Qxd3 b6 23. Qf5 Qd6 24. g5 Rfe8 25. g6 fxg6 26. Qxg6+ Kf8 27. Qh7
Rec8 28. Rg1 Ke8 29. Rg8+ Nf8 30. Ng6 Rc7 31. Rxf8+ Qxf8 32. Qxc7 Qa3 33. Qxc6+
Kf7 34. Qc2 Rc8 35. Qb1 Rc3 36. Rb3 Qd6 37. Nf4 Rc6 38. Qg6+ Ke7 39. Qg7+ Kd8
40. Qg8+ Kd7 41. Qg7+ Kd8 42. Qh8+ Kd7 43. Qh7+ Kd8 44. Qxa7 Ke8 45. h5 Kd8 46.
Qh7 1-0

[Event "Vårturnering Ås Stikkamp"]
[Site "Ås"]
[Date "1982.05.04"]
[Round "?"]
[White "Lea, Per"]
[Black "Stensland, Martin"]
[Result "1-0"]
[WhiteElo "1701"]
[BlackElo "1113"]
[PlyCount "63"]
[EventDate "1982.03.02"]

1. e4 e6 2. d4 d5 3. Nc3 dxe4 4. Nxe4 Be7 5. Nf3 Nf6 6. Bd3 O-O 7. O-O Nc6 8.
c3 Nxe4 9. Bxe4 f5 10. Bc2 Rf6 11. h4 h6 12. h5 g5 13. hxg6 Rxg6 14. Bf4 Kh7
15. Ne1 Bg5 16. Qf3 Bxf4 17. Qxf4 Rg4 18. Qxg4 Ne7 19. Qh5 Ng6 20. Nf3 Kg7 21.
g3 Bd7 22. Rfe1 Qf6 23. Ne5 Be8 24. Nxg6 Bxg6 25. Qf3 c6 26. Re5 Rf8 27. Rae1
Bf7 28. Bb3 Re8 29. Qe3 f4 30. Qxf4 Qg6 31. Qe3 h5 32. Rg5 1-0

[Event "Høstturnering Ås"]
[Site "H-281, Husdyrinstituttet, NLH"]
[Date "1982.11.02"]
[Round "3"]
[White "Lea, Per"]
[Black "Stensland, Martin"]
[Result "1-0"]
[WhiteElo "1717"]
[BlackElo "1178"]
[PlyCount "79"]
[EventDate "1982.10.05"]

1. e4 e6 2. d4 d5 3. Nc3 Nf6 4. Bg5 Be7 5. e5 Nfd7 6. h4 f6 7. exf6 Nxf6 8. Bd3
Qd6 9. Qe2 Bd7 10. Nf3 Nc6 11. Nb5 Qb4+ 12. Bd2 Qxb2 13. Bc3 Bb4 14. O-O Bxc3
15. Nxc7+ Ke7 16. Nxa8 Rxa8 17. Rfb1 Qa3 18. Rb3 Qa5 19. Rab1 b6 20. Rd1 Bxd4
21. Bf5 Bxf2+ 22. Kxf2 Qc5+ 23. Kf1 Qc4 24. Bd3 Ne4 25. Bxc4 Ng3+ 26. Kf2 Nxe2
27. Bxe2 Rf8 28. Kg1 h6 29. Bb5 Na5 30. Rbb1 Bxb5 31. Rxb5 Nc4 32. Re1 Nd6 33.
Rxd5 Kd7 34. Rde5 Re8 35. Nd4 Nc4 36. Rxe6 Rxe6 37. Nxe6 Nd6 38. Nxg7 Kc6 39.
Re6 Kd7 40. Rxh6 1-0

[Event "Høstturnering Ås"]
[Site "H-281, Husdyrinstituttet, NLH"]
[Date "1982.11.09"]
[Round "4"]
[White "Lea, Per"]
[Black "Stenersen, Gudmund"]
[Result "1-0"]
[WhiteElo "1717"]
[BlackElo "1129"]
[PlyCount "107"]
[EventDate "1982.10.05"]

1. e4 e5 2. Nf3 Nc6 3. Bb5 a6 4. Ba4 Nf6 5. O-O b5 6. Bb3 Nxe4 7. d4 d5 8. dxe5
Be6 9. Qe2 Be7 10. Rd1 O-O 11. c4 bxc4 12. Bxc4 f6 13. Nc3 Nxc3 14. bxc3 fxe5
15. Nxe5 Qd6 16. Nxc6 Qxc6 17. Qxe6+ Qxe6 18. Bxd5 Qxd5 19. Rxd5 Bf6 20. Rc5
Rae8 21. Be3 Be5 22. Rd1 Bd6 23. Rc6 Ra8 24. Bc5 Bxc5 25. Rxc5 Rf7 26. Rcd5 Kf8
27. f3 Ke8 28. c4 Rb8 29. R1d2 Re7 30. Kf2 Kf7 31. c5 c6 32. Rd6 Rc8 33. Rd7
Rxd7 34. Rxd7+ Kf6 35. Ra7 Ke6 36. Rxa6 Kd5 37. Ra7 Rg8 38. Ra5 Rb8 39. Ra7
Rb2+ 40. Kg3 Kxc5 41. Rxg7 Rxa2 42. Rxh7 Kd6 43. Rh6+ Kd5 44. Rh8 c5 45. Rd8+
Kc4 46. Rc8 Ra5 47. h4 Kb4 48. Kg4 c4 49. h5 Rb5 50. h6 Rb7 51. Kg5 c3 52. Kg6
Rb6+ 53. Kg7 Rb7+ 54. Kg8 1-0

[Event "Høstturnering Ås"]
[Site "H-281, Husdyrinstituttet, NLH"]
[Date "1982.12.14"]
[Round "7"]
[White "Lea, Per"]
[Black "Wolden, Knut"]
[Result "1-0"]
[WhiteElo "1717"]
[BlackElo "1127"]
[PlyCount "37"]
[EventDate "1982.10.05"]

1. e4 e5 2. Nf3 Nc6 3. Bb5 Bc5 4. c3 Bb6 5. O-O Nge7 6. d4 d6 7. d5 O-O 8. dxc6
bxc6 9. Ba4 h6 10. Nbd2 Ba6 11. Re1 c5 12. Bb3 Ng6 13. a4 Nf4 14. Nc4 Bxc4 15.
Bxc4 a5 16. Bxf4 exf4 17. Qd5 g5 18. Qf5 Qe7 19. Qg6+ 1-0

[Event "VÃ¥rturnering Ås"]
[Site "Ås"]
[Date "1983.02.01"]
[Round "1"]
[White "Lea, Per"]
[Black "Nordal, Sven"]
[Result "1/2-1/2"]
[WhiteElo "1770"]
[BlackElo "1679"]
[PlyCount "52"]
[EventDate "1983.??.??"]

1. e4 e5 2. Nf3 Nc6 3. Bb5 a6 4. Ba4 Nf6 5. O-O Be7 6. Re1 b5 7. Bb3 d6 8. c3
O-O 9. h3 Na5 10. Bc2 c5 11. d4 Nc6 12. Nbd2 Qc7 13. d5 Nb8 14. Nf1 Nbd7 15.
Ne3 c4 16. Nf5 Nc5 17. Nxe7+ Qxe7 18. Bg5 Qc7 19. Bxf6 gxf6 20. Nh4 Kh8 21. Qf3
Qe7 22. Nf5 Bxf5 23. Qxf5 Rg8 24. h4 Rg6 25. Kh2 Qd7 26. Qxd7 Nxd7 1/2-1/2

[Event "VÃ¥rturnering Ås"]
[Site "Ås"]
[Date "1983.03.01"]
[Round "4"]
[White "Lea, Per"]
[Black "Stenersen, Gudmund"]
[Result "1-0"]
[WhiteElo "1770"]
[BlackElo "1271"]
[PlyCount "81"]
[EventDate "1983.??.??"]

1. e4 e5 2. Nf3 Nc6 3. Bb5 a6 4. Ba4 Nf6 5. O-O b5 6. Bb3 Nxe4 7. d4 d5 8. dxe5
Be6 9. Qe2 Be7 10. Rd1 O-O 11. c4 bxc4 12. Bxc4 Qd7 13. Nc3 Nxc3 14. bxc3 Na5
15. Bd3 Bg4 16. h3 Bxf3 17. Qxf3 c6 18. Be3 Rfe8 19. c4 Bf8 20. cxd5 cxd5 21.
Bf5 Qc7 22. Rac1 Qb7 23. Rxd5 Nc6 24. Rd7 Qb2 25. Rxc6 Qxa2 26. Rcc7 Qa1+ 27.
Kh2 Qxe5+ 28. g3 Rac8 29. Rxc8 Rxc8 30. Rd5 Qf6 31. Bd4 Qc6 32. Bxc8 Qxc8 33.
Qc3 Qa8 34. Rg5 h6 35. Rg4 g6 36. h4 h5 37. Rf4 Bh6 38. Rf6 Bg7 39. Rd6 Bf8 40.
Rc6 Qb7 41. Rc8 1-0

[Event "VÃ¥rturnering Ås"]
[Site "Ås"]
[Date "1983.04.26"]
[Round "5"]
[White "Stensland, Martin"]
[Black "Lea, Per"]
[Result "0-1"]
[WhiteElo "1210"]
[BlackElo "1770"]
[PlyCount "82"]
[EventDate "1983.??.??"]

1. Nf3 Nf6 2. d4 g6 3. Bf4 Bg7 4. Nc3 O-O 5. e3 d6 6. Be2 Nbd7 7. O-O c5 8. Re1
a6 9. Bd3 b5 10. b3 Bb7 11. a3 Nh5 12. Bg5 Re8 13. Be4 Bxe4 14. Nxe4 Qc7 15. c3
d5 16. Ng3 Nxg3 17. fxg3 f6 18. Bf4 e5 19. dxe5 fxe5 20. Qxd5+ Kh8 21. Nxe5
Nxe5 22. Rad1 Rad8 23. Qe4 Qc6 24. Qxc6 Nxc6 25. Bg5 Bxc3 26. Rf1 Rxd1 27. Rxd1
Re6 28. Rf1 Kg7 29. Rd1 Bf6 30. Rd7+ Re7 31. Bxf6+ Kxf6 32. Rd6+ Re6 33. Rd3
Ke5 34. Kf2 Rd6 35. Rc3 Rd5 36. Ke2 b4 37. axb4 Nxb4 38. h3 Kd6 39. h4 h5 40.
e4 Re5 41. Ke3 Nd5+ 0-1

[Event "VÃ¥rturnering Ås"]
[Site "Ås"]
[Date "1983.03.15"]
[Round "6"]
[White "Lea, Per"]
[Black "Stensland, Espen"]
[Result "1-0"]
[WhiteElo "1770"]
[BlackElo "1048"]
[PlyCount "39"]
[EventDate "1983.??.??"]

1. e4 c5 2. Nf3 d6 3. d4 cxd4 4. Nxd4 Nf6 5. Nc3 a6 6. Bg5 e6 7. f4 Be7 8. Qf3
e5 9. Nf5 Bxf5 10. exf5 Qc7 11. O-O-O O-O 12. g4 exf4 13. Bxf4 Nc6 14. g5 Nd7
15. Nd5 Qa5 16. Bc4 b5 17. Bb3 Nc5 18. f6 gxf6 19. gxf6 Bd8 20. Qg4+ 1-0

[Event "VÃ¥rturnering Ås"]
[Site "Ås"]
[Date "1983.03.15"]
[Round "7"]
[White "Johansen, Anders Sten"]
[Black "Lea, Per"]
[Result "0-1"]
[WhiteElo "978"]
[BlackElo "1770"]
[PlyCount "64"]
[EventDate "1983.??.??"]

1. d4 d5 2. Nc3 e6 3. Nf3 c5 4. e3 Nf6 5. Bb5+ Nbd7 6. Ne5 a6 7. Bxd7+ Nxd7 8.
Nxd7 Bxd7 9. O-O Be7 10. f4 O-O 11. Qh5 cxd4 12. exd4 Bf6 13. Ne2 Qb6 14. c3
Bb5 15. a4 Bd3 16. Rf2 Qb3 17. Ra3 Qd1+ 18. Rf1 Qxe2 19. Qxe2 Bxe2 20. Re1 Bd3
21. Rb3 b5 22. axb5 axb5 23. Ra3 Rxa3 24. bxa3 Ra8 25. Bb2 Be7 26. Ra1 Bd6 27.
g3 f6 28. h4 g5 29. Bc1 gxh4 30. gxh4 b4 31. cxb4 Bxb4 32. Kg2 Bc3 0-1

[Event "Høstturnering Ås"]
[Site "Ås"]
[Date "1983.11.01"]
[Round "1"]
[White "Lea, Per"]
[Black "Lindgard, Sølve A"]
[Result "1-0"]
[WhiteElo "1791"]
[BlackElo "1284"]
[PlyCount "61"]
[EventDate "1983.??.??"]

1. e4 d6 2. d4 Nf6 3. Nc3 g6 4. Nf3 Bg7 5. Bc4 O-O 6. O-O Nbd7 7. h3 e5 8. Bg5
exd4 9. Nxd4 h6 10. Bh4 Re8 11. f4 c6 12. Qd3 Qc7 13. Kh1 Nc5 14. Qf3 Nfxe4 15.
Rad1 d5 16. Nxe4 Rxe4 17. Bg3 Rxd4 18. Rxd4 Bxd4 19. f5 Qd7 20. fxg6 dxc4 21.
Qxf7+ Qxf7 22. gxf7+ Kh7 23. f8=Q Kg6 24. Qd6+ Ne6 25. c3 Bf6 26. Be5 Bg5 27.
Qd1 Be7 28. Qc2+ Kh5 29. Qe2+ Kg6 30. Qe4+ Kh5 31. Qg4# 1-0

[Event "Høstturnering Ås"]
[Site "Ås"]
[Date "1983.09.27"]
[Round "3"]
[White "Stenersen, Gudmund"]
[Black "Lea, Per"]
[Result "1/2-1/2"]
[WhiteElo "1354"]
[BlackElo "1791"]
[PlyCount "33"]
[EventDate "1983.??.??"]

1. d4 Nf6 2. c4 g6 3. Nc3 Bg7 4. e4 d6 5. Nf3 O-O 6. Be2 Nbd7 7. O-O e5 8. d5
Nc5 9. Qc2 a5 10. Be3 Ne8 11. Nd2 f5 12. f4 b6 13. Nb3 exf4 14. Nxc5 fxe3 15.
Nd3 Qg5 16. Nf4 Be5 17. g3 1/2-1/2

[Event "Høstturnering Ås"]
[Site "Ås"]
[Date "1983.10.04"]
[Round "4"]
[White "Lea, Per"]
[Black "Rosenfeld, Hans J"]
[Result "1-0"]
[WhiteElo "1791"]
[BlackElo "1304"]
[PlyCount "27"]
[EventDate "1983.??.??"]

1. e4 e5 2. Nf3 Nc6 3. Bb5 a6 4. Ba4 Nf6 5. O-O Be7 6. Re1 b5 7. Bb3 O-O 8. c3
d6 9. h3 Nb8 10. d4 Nbd7 11. Nbd2 Re8 12. Bxf7+ Kxf7 13. Ng5+ Kg8 14. Ne6 1-0

[Event "Høstturnering Ås"]
[Site "Ås"]
[Date "1983.10.11"]
[Round "5"]
[White "Nordal, Sven"]
[Black "Lea, Per"]
[Result "1/2-1/2"]
[WhiteElo "1691"]
[BlackElo "1791"]
[PlyCount "67"]
[EventDate "1983.??.??"]

1. e4 e5 2. Nf3 Nc6 3. d4 exd4 4. Nxd4 Bc5 5. Be3 Qf6 6. c3 Nge7 7. Nc2 Bb6 8.
Be2 d6 9. Nd2 Be6 10. Nc4 Bxe3 11. N4xe3 O-O-O 12. Nd4 Bd7 13. Qd2 Rhe8 14. f3
Ne5 15. O-O-O g6 16. Nd5 Qg7 17. f4 Ng4 18. Bf3 Nxd5 19. exd5 Ne3 20. Rde1 Nf5
21. Nxf5 Bxf5 22. Re3 Qf8 23. Rhe1 Bd7 24. Qd4 Kb8 25. Kd2 Rxe3 26. Rxe3 Re8
27. Rxe8+ Qxe8 28. Qe3 Qxe3+ 29. Kxe3 f5 30. h3 Kc8 31. g4 fxg4 32. hxg4 Kd8
33. Ke4 Ke7 34. Ke3 1/2-1/2

[Event "Høstturnering Ås"]
[Site "Ås"]
[Date "1983.11.08"]
[Round "6"]
[White "Lea, Per"]
[Black "Stensland, Martin"]
[Result "1-0"]
[WhiteElo "1791"]
[BlackElo "1202"]
[PlyCount "99"]
[EventDate "1983.??.??"]

1. e4 e6 2. d4 d5 3. Nc3 Bb4 4. e5 Nd7 5. Qg4 g6 6. Bg5 Be7 7. Nf3 h6 8. Bxe7
Qxe7 9. O-O-O Nb6 10. Nd2 Bd7 11. Bd3 a6 12. Qe2 Na4 13. Nxa4 Bxa4 14. Nb3 Bxb3
15. axb3 Qb4 16. Qf3 Ne7 17. Be2 Nf5 18. Qc3 Qb6 19. g4 Ne7 20. f4 Rc8 21. Qc5
Nc6 22. Qxb6 cxb6 23. Kb1 O-O 24. h4 Kg7 25. h5 Nb4 26. c3 Nc6 27. g5 Rh8 28.
Rdg1 Ne7 29. gxh6+ Rxh6 30. hxg6 Rxh1 31. Rxh1 Nxg6 32. Rf1 Rh8 33. f5 exf5 34.
Rxf5 Rh1+ 35. Ka2 Re1 36. Bh5 Rg1 37. Rf6 Rg5 38. Bf3 Ne7 39. Rxb6 Rg3 40. Be2
Re3 41. Bd1 Rd3 42. Rxb7 Nf5 43. Bc2 Rf3 44. Bxf5 Rxf5 45. e6 Kf8 46. Rxf7+
Rxf7 47. exf7 Kxf7 48. Ka3 Ke7 49. Kb4 Kd6 50. Ka5 1-0

[Event "Høstturnering Ås"]
[Site "Ås"]
[Date "1983.10.25"]
[Round "7"]
[White "Høgset, Ketil"]
[Black "Lea, Per"]
[Result "0-1"]
[WhiteElo "943"]
[BlackElo "1791"]
[PlyCount "30"]
[EventDate "1983.??.??"]

1. c4 Nf6 2. d4 g6 3. Nc3 Bg7 4. e4 d6 5. Nf3 O-O 6. Bf4 Nbd7 7. d5 Nc5 8. Qc2
e6 9. e5 dxe5 10. Bxe5 exd5 11. cxd5 Bf5 12. Qd1 Re8 13. Be2 Ng4 14. Qd4 Nd3+
15. Bxd3 Nxe5 0-1

[Event "VÃ¥rturnering Ås"]
[Site "Ås"]
[Date "1984.01.31"]
[Round "1"]
[White "Stensland, Espen"]
[Black "Lea, Per"]
[Result "0-1"]
[WhiteElo "1025"]
[BlackElo "1791"]
[PlyCount "81"]
[EventDate "1984.??.??"]

1. c4 Nf6 2. Nc3 d5 3. e3 e6 4. d4 c5 5. Nf3 Nc6 6. a3 a5 7. cxd5 Nxd5 8. Nxd5
Qxd5 9. b3 Bd6 10. Bc4 Qh5 11. Bb2 O-O 12. dxc5 Bxc5 13. O-O b6 14. Qc2 Bb7 15.
Qe4 Rab8 16. Qf4 Ne7 17. Ne5 Bd6 18. Qg4 Qh6 19. f4 Rbd8 20. Rac1 Nf5 21. Rfe1
Bc5 22. Rc3 Rd2 23. Bf1 Rxb2 24. Nd7 Bxe3+ 25. Rexe3 Nxe3 26. Rxe3 Rd8 27. Rd3
Ba6 28. Rd1 Bxf1 29. Kxf1 Rxb3 30. Qg5 Qxg5 31. fxg5 Kh8 32. Ke1 Rxa3 33. Nxb6
Rxd1+ 34. Kxd1 Ra2 35. h4 Rxg2 36. Nc4 a4 37. Kc1 Rg4 38. Nd2 Rxh4 39. Kb2 Rg4
40. Ka3 Rxg5 41. Kxa4 0-1